Dates clés faciles de l'Histoire de France - Statistiques

Statistiques générales
  • Ce quiz a été pris 72 fois
    44 depuis la dernière actualisation
  • Le résultat moyen est 41 sur 91
Statistiques - réponses
Hint Réponse % Correct
Début de la Seconde Guerre Mondiale 1939
86%
Droit de vote des femmes 1945
83%
Charlemagne couronné empereur à Rome 800
81%
Armistice du 11 Novembre 1918
78%
Accords d'Évian - indépendance de l'Algérie 1962
75%
Première Constitution française 1791
72%
Napoléon se fait sacrer empereur à Notre-Dame de Paris 1804
72%
Début de la Première Guerre Mondiale 1914
72%
Waterloo et seconde abdication de Napoléon 1815
69%
Débarquement de Normandie 1944
69%
Proclamation de la République 1792
67%
Fondation de la Ve République 1958
67%
En mai révolte étudiante et sociale 1968
67%
Élection de François Mitterand et abolition de la peine de mort 1981
67%
Création du ministère de la culture par Jack Lang 1981
67%
Victoire de la France à la Coupe du monde 1998
67%
Exécution de Louis XVI 1793
64%
Loi de séparation de l'Église et de l'État 1905
64%
Bataille de Verdun 1916
64%
Victoire éléctorale du Front Populaire et congés payés 1936
64%
Défaite et régime de Vichy 1940
64%
Loi Veil relative à l'intérruption volontaire de grossesse 1975
64%
Prise de la Bastille (date précise) 14 juillet 1789
61%
Victoire de Napoléon à Austerlitz 1805
61%
Traité de Versailles 1919
61%
Traité de Maastricht (Union européenne) 1992
61%
François Ier vainqueur à Marignan 1515
58%
Chute de Robespierre 1794
58%
Début de la IVe République 1946
58%
Création du festival de Cannes 1946
58%
Début de la guerre d'Algérie 1954
58%
Mort de Louis XIV 1715
56%
Première abdication de Napoléon et première Restauration 1814
56%
Révolutio de Juillet - Louis-Philippe devient roi 1830
56%
Exposition Universelle de Paris - construction de la Tour Eiffel 1889
56%
Début de l'affaire Dreyfus 1894
56%
Victoire de Jules César à Alésia - 52
56%
Fin de la guerre de Cent Ans, victoire française 1453
53%
Coup d'État du 18 Brumaire 1799
53%
Défaite de Sedan face à la Prusse et chute du IIe Empire 1870
53%
Massacre de la Saint-Barthélemy 1572
53%
Assassinat de Henri IV par François Ravaillac 1610
47%
IIe Empire proclamé 1852
47%
Élection de Valéry Giscard d'Estaing 1974
47%
Jeanne d'Arc délivre Orléans 1429
44%
Constitution du Directoire 1795
44%
Révolution de Février - IIe République 1848
44%
Lois Jules Ferry sur l'école gratuite, laïque et obligatoire 1881
44%
Prix Nobel de physique pour Pierre et Marie Curie 1903
44%
Hugues Capet devient roi, début des Capétiens 987
44%
Guillaume le Conquérant conquiert l'Angleterre 1066
42%
Début de la guerre de Cent Ans 1337
42%
Édit de Nantes (Henri IV met fin aux guerres de religion) 1598
42%
Campagne de Russie de Napoléon 1812
42%
Proclamation de la IIIe République 1871
42%
Commune de Paris 1871
42%
Jeux olympique d'été à Paris 1924
42%
Coup d'État de Louis-Napoléon Bonaparte 1851
39%
Exposition universelle de Paris - inauguration du métro de Paris 1900
39%
Victoire de Phillipe Auguste à Bouvines face à Otton IV 1214
36%
Réforme du quinquennat présidentiel 2000
36%
Début du règne personnel de Louis XIV 1643
33%
Révocation de l'Édit de Nantes 1685
33%
Appel de Clermont, début de la première croisade 1095
31%
Ordonnance de Villers-Cotterêts (le français devient langue officielle) 1539
31%
Louis Auguste devient Louis XVI roi de France et de Navarre 1774
31%
Funérailles nationales de Victor Hugo (Panthéon) 1885
31%
Début de la peste noire en France 1347
25%
Début des guerres de Religion 1562
25%
Deuxième prix Nobel pour Marie Curie (Chimie) 1911
25%
Abolition des privilèges (date précise) 4 août 1789
25%
Assassinat de Henri III par Jacques Clément 1589
22%
Installation de la cour à Versailles 1682
22%
Fondation du CNRS (Centre national de la recherche scientifique) 1949
22%
Victoire de Charles Martel à Poitiers contre les Arabes 732
22%
Guerre de Sept Ans 1756 - 1763
19%
Traité de Paris (fin de la guerre d'indépendance américaine) 1783
19%
Exposition coloniale internationale 1931
19%
Inauguration du Centre Pompidou 1977
19%
Pepin le Bref devient roi, début des Carolingiens 751
19%
Début du règne de Saint Louis (Louis IX) 1226
17%
Déclaration des Droits de l'Homme et du Citoyen 26 août 1789
17%
Traité de Verdun : partage de l'empire carolingien en trois 843
17%
Début du règne de Louis XI 1461
14%
Début des guerres d'Italie 1494
14%
Fin de la guerre de Succession d'Autriche 1748
14%
Edit de Caracalla : les Gaulois deviennent citoyens romains 212
14%
Bataille des Champs Catalauniques (Aetius et les romains contre le roi des Huns Attila) 451
14%
Bataille de Soissons entre Clovis et Syagrius 486
11%
Premières exposition impressionniste à Paris 1874
8%
Fondation de Massalia (Marseille) par les Grecs - 600 av J-C
0%
Aucun quiz correspondant
Distribution des résultats
% des personnes avec chaque résultat
Percentile par nombre de réponses
Votre historique - résultats
Vous n’avez pas pris ce quiz depuis la dernière actualisation